[Event "Corus"]
[Site "Wijk aan Zee"]
[Date "2000.01.25"]
[Round "9"]
[White "Van Wely, Loek"]
[Black "Lputian, Smbat G"]
[Result "1/2-1/2"]
[WhiteElo "2646"]
[BlackElo "2605"]
[Annotator "Donev,I"]
[PlyCount "85"]
[EventDate "2000.01.15"]
[EventType "tourn"]
[EventRounds "13"]
[EventCountry "NED"]
[EventCategory "18"]
[SourceTitle "CBM 075"]
[Source "ChessBase"]
[SourceDate "2000.04.05"]
[SourceVersion "1"]
[SourceVersionDate "2000.04.05"]
[SourceQuality "1"]

1. d4 e6 2. c4 d5 3. Nc3 Be7 4. Nf3 Nf6 5. Bf4 O-O 6. e3 Nbd7 7. Qc2 c5 8. dxc5
Nxc5 9. Be2 a6 ({Große Ausgleichschancen erhält Schwarz mit:} 9... dxc4 $5 10.
Bxc4 a6 11. a4 Bd7 12. O-O Qa5 13. Rfd1 Rfd8 14. Bf1 Be8 15. Rxd8 Rxd8 16. Ne5
Qb4 17. Nc4 Nd5 18. Be5 f6 19. Bd4 Qb3 $1 $17 20. Qc1 Nxc3 21. bxc3 Bg6 22. Ra3
Qc2 23. Qxc2 Bxc2 24. Ra2 Bb3 25. Ra3 Bc2 26. Ra2 Bb3 27. Ra3 {1/2-1/2
Miralles,G-Spassky,B/FRA-ch 1991/CBM 27 (27)}) 10. cxd5 exd5 11. O-O Be6 (11...
Bg4 12. Nd4 Ne6 13. Be5 Bxe2 14. Qxe2 Nd7 15. Bg3 Nxd4 16. exd4 Nf6 17. Qf3 Bb4
18. Bh4 Bxc3 19. bxc3 Rc8 20. Rae1 Rc6 21. Re5 Qa5 22. c4 Qxa2 23. Bxf6 Rxf6
24. Qxd5 h6 25. c5 Qd2 26. Re7 Rf4 27. Rd7 Re8 28. g3 Re1 29. gxf4 Rxf1+ 30.
Kxf1 Qd1+ 31. Kg2 Qg4+ 32. Kh1 Qd1+ {1/2-1/2 Parker,J-Hunt,H/Dundee 1993/TD 
(32)}) 12. Nd4 ({Zum Ausgleich führt:} 12. Rad1 Rc8 13. Qb1 b5 14. a3 Qb6 15.
Bg5 Ncd7 16. Nd4 b4 $1 17. axb4 Bxb4 18. Bxf6 Nxf6 $11 {0-1 Stohl,I-Zvjaginsev,
V/Portoroz 1999/CBM 72 (55)}) 12... Rc8 13. Rfc1 $1 Qd7 14. Qd1 b5 15. a3 Nfe4
16. Bf3 Rfd8 17. Nce2 Bf6 18. Rc2 {Offensichtlich bereitet Weiß mit diesem Zug
die Verdoppelung der Türme auf der offenen c-Linie vor. Was soll der
Nachziehende dagegen unternehmen? Interessant wäre die Möglichkeit 18...Na4 um
Spiel am Damenflügel zu suchen.} Bf5 $2 {Nach diesem Fehler bekommt der
Nachziehende große Schwierigkeiten.} (18... Na4 $5 19. Rac1 Rxc2 20. Qxc2 Rc8
21. Qxc8+ Qxc8 22. Rxc8+ Bxc8 $14) (18... g5 19. Nxe6 (19. Bg3 g4 20. Bxe4 (20.
Nxe6 gxf3 21. Nxd8 fxe2 22. Qxe2 Rxd8 $44) 20... dxe4 {/\Bb3} 21. Rd2 Nd3 $15)
19... fxe6 20. Bg3 Nxg3 21. hxg3 Na4 $13) {[%tqu "De","Wie kann der Anziehende
Vorteil bekommen?","","","d4f5","",7]} 19. Nxf5 $1 Qxf5 {[%tqu "De","Und jetzt
den Schlüsselzug bitte!","","","e2g3","",10]} 20. Ng3 $1 {[%cal Yd1f3,Yf3g4]
Der Springer räumt mit Tempo die Diagonale d1- h5. Jetzt plötzlich ist die
schwarze Dame in großer Gefahr.} Nxg3 $8 (20... Qg6 21. Bh5 $18 {Die Dame ist
gefangen.}) (20... Qe6 21. Bg4 $18) 21. Bg4 $1 {Diesen Zwischenzug hatte
Schwarz zu spät gesehen. Jetzt muss er die Dame geben.} Qxc2 {Erzwungen .} (
21... Qg6 22. Bxc8 $18) 22. Qxc2 Ne6 23. Qd1 Ne4 $16 24. Rb1 Rc4 25. Bxe6 fxe6
26. Qg4 Re8 27. f3 Nc5 28. b3 Rc3 29. Bg5 Bxg5 30. Qxg5 Nxb3 31. Qe5 Rd3 32.
Qc7 $6 ({Ganz leicht gewonnen hätte:} 32. Qd6 $1 Rxe3 (32... Na5 33. Qxa6 Nc4
34. Qxb5 $18) (32... Nd2 33. Qc6 Rd8 34. Qc2 $18) 33. Qb4 $18) 32... Rxe3 33.
Qc6 Rf8 34. Qxa6 $2 (34. Qb6 $1 {[%cal Ye3b3,Ye3e6] Wäre für den ganzen Punkt
gut genug gewesen.} {Jetzt ist der Turm e3 überlastet. Er muss gleichzeitig
der Springer und das Bauer e6 decken.} Rd3 (34... d4 35. Rxb3 $1 Rxb3 36. Qxe6+
$18 {[%cal Ye6g8,Ye6b3]}) 35. Qxe6+ Kh8 36. Qxa6 $18) 34... Nd4 35. Qb6 Rd3 36.
Re1 h6 37. h4 Ra8 38. Kh2 Raxa3 39. h5 Ra2 40. Kh3 Kh7 {Offensichtlich ist die
Zeitnotphase vorbei und Van Wely muss sich schnellstens um das Remis bemühen.
Die schwarzen Figuren stehen im Zentrum sehr gut und die Drohung Rd3-d2 ist
unangenehm.} 41. Rxe6 $1 Nxe6 42. Qxe6 Rdd2 43. Qg6+ 1/2-1/2

[Event "GER-ch 70th"]
[Site "Bremen"]
[Date "1998.11.12"]
[Round "7"]
[White "Sielecki, Christof"]
[Black "Kargoll, Peter"]
[Result "1-0"]
[WhiteElo "2410"]
[BlackElo "2315"]
[Annotator "Donev,I"]
[PlyCount "61"]
[EventDate "1998.11.06"]
[EventType "swiss"]
[EventRounds "9"]
[EventCountry "GER"]
[SourceTitle "CBM 068"]
[Source "ChessBase"]
[SourceDate "1999.02.01"]
[SourceVersion "1"]
[SourceVersionDate "1999.02.01"]
[SourceQuality "1"]

1. d4 d5 2. c4 e6 3. Nf3 Be7 4. Nc3 Nf6 5. Bf4 O-O 6. e3 b6 $6 {Eine
Abweichung zur Hauptvariante 6...c7-c5. Der Vorteil dieser Fortsetzung ist,
das es zu weniger erforschten Stellungen führt.} 7. Bd3 dxc4 (7... c5 $5) 8.
Bxc4 Nd5 ({Die Praxis hat gezeigt, daß bei der Hauptfortsetzung :} 8... Bb7 {
Weiß einen kleinen aber dauerhaften Vorteil bekommt.}) (8... Bb7 9. Qe2 Nd5 10.
Bg3 c5 11. O-O cxd4 12. exd4 Nxc3 13. bxc3 Nd7 14. Bd3 Nf6 15. Rad1 Nh5 16. Be5
Rc8 17. c4 Bd6 18. Qe3 g6 19. Be2 Bxf3 20. Bxf3 Ng7 21. c5 Nf5 22. Qe4 Bxe5 23.
dxe5 Qg5 24. c6 Ne7 25. Rd6 Rc7 26. h4 Qf5 27. Qe2 Qf4 28. g3 Qa4 29. Rc1 Nf5
30. Rc4 Qa3 31. Rd3 Qa5 32. h5 b5 33. Rc1 Qb6 34. Be4 Ne7 35. Qf3 f5 36. exf6
Nf5 37. Bxf5 gxf5 38. Qf4 Rxf6 39. Qg5+ Kf7 40. Rd8 {1-0 Gavrikov,V-Ciric,D/
Brocco 1991/EXT 97 (40)}) 9. O-O Nxf4 10. exf4 Ba6 (10... Bb7 $5) 11. Qe2 Bxc4
12. Qxc4 c6 13. Rfd1 Qd6 14. Ne5 b5 (14... Rc8 15. d5 $1 exd5 16. Nxd5 $16) 15.
Qe2 a5 16. Rac1 Ra6 17. a4 bxa4 18. Nxa4 Rd8 19. Nc5 Ra7 20. Qh5 g6 21. Qg4 Qd5
22. g3 Kg7 23. h4 h5 24. Qe2 a4 25. Ra1 f6 (25... a3 26. bxa3 Bxc5 27. dxc5
Rxa3 28. Rxd5 Rxa1+ 29. Kg2 cxd5 30. Qb2 $1 $18 {[%cal Yb2a1,Yb2g7]}) 26. Nc4
Kf7 27. Ne3 Qd6 {[%mdl 128]} {[%tqu "De","Wie würden Sie fortsetzen?","","",
"f4f5","",10]} 28. f5 $1 {Mittels dieses Durchbruches wird der schwarze
Königsflügel geschwächt.} gxf5 (28... exf5 29. Qc4+ Kg7 (29... Ke8 30. Qg8+ Bf8
31. Re1 $18) 30. Ne6+ Kh7 31. Nxd8 Qxd8 32. Rxa4 $18) 29. Qxh5+ Kg7 30. Re1 Ra5
(30... Na6 31. Nxe6+ Qxe6 32. Nxf5+ $18) 31. Nc4 1-0

[Event "Lee Cup 4th"]
[Site "Beijing"]
[Date "1997.08.31"]
[Round "7"]
[White "Van Wely, Loek"]
[Black "Pigusov, Evgeny"]
[Result "1/2-1/2"]
[WhiteElo "2655"]
[BlackElo "2560"]
[Annotator "Donev,I"]
[PlyCount "109"]
[EventDate "1997.08.23"]
[EventType "swiss"]
[EventRounds "11"]
[EventCountry "CHN"]
[SourceTitle "CBM 061"]
[Source "ChessBase"]
[SourceDate "1997.11.23"]
[SourceVersion "1"]
[SourceVersionDate "1997.11.23"]
[SourceQuality "1"]

1. d4 {King,D} Nf6 2. c4 e6 3. Nf3 d5 4. Nc3 Be7 5. Bf4 O-O 6. e3 c5 7. dxc5
Bxc5 8. a3 Nc6 9. Qc2 Qa5 10. O-O-O Be7 11. Kb1 {King: Currently quite a
trendy move, though probably not as good as the more standard 11 g4.} a6 12.
Nd2 Qb6 13. Nb3 Na5 14. Nxa5 Qxa5 15. cxd5 exd5 {Die Stellungen mit Isolierte
Damenbauer sind sehr häufige Gast beim verschiedene Varianten in Damengambit.}
16. Be5 $1 {[%cal Ye5f6,Ye5d4]} Be6 17. Bd3 (17. Qd2 Qb6 (17... Rfd8 18. Bd3
Rac8 $14) 18. Bd4 Qb3 19. Qc2 Qxc2+ 20. Kxc2 Ne4 $10) 17... Rac8 18. Qd2 ({
Weiß darf nicht den Bauern h7 gewinnen, weil der schwarze Angriff am
Damenflügel wird sehr gefährlich.} 18. Bxf6 $2 Bxf6 {[%cal Rf6c3,Rc8c3,Ra5c3]}
19. Bxh7+ Kh8 20. Bd3 Bxc3 $19) 18... Kh8 19. f3 (19. Bd4 b5 20. Ne4 Qxd2 21.
Nxd2 Ng4 22. Rdf1 f6 $10) (19. Ne4 {King,D} Qxd2 20. Nxd2 Nd7 21. Bd4 f6 22.
Nf3 Nc5 23. Bxc5 Bxc5 24. Bc2 Rfd8 25. Nd4 Bf7 26. Bf5 Rc7 27. Rd2 g6 28. Bh3
f5 29. Rc1 Kg7 30. g3 Bb6 31. Rxc7 Bxc7 32. Bg2 Kf6 33. Ne2 Ba5 34. Rd1 g5 35.
b4 Bb6 36. Rd2 h6 {1/2-1/2 Gelfand,B-Short,N/Novgorod 1996/CBM 54.}) 19... Nd7
(19... b5 $132 20. Ne4 (20. Bd4 Rc6 (20... b4 21. Na2) 21. Na2 Qxd2 22. Rxd2
Rfc8 23. Rc1 Rxc1+ 24. Nxc1 Nd7 $14) 20... Qxd2 21. Nxd2 Nd7 22. Bd4 Nb8 $11 {
/\Nc6}) 20. Bd4 f6 21. Qc2 Bg8 22. Bf5 Rc7 23. Qc1 Ne5 24. b4 Bxb4 {King: 
(Piece versus pawns) Although Black only gets two pawns for his piece, he has
tremendous long-term compensation, because (1) White's king is so exposed (2)
Black's position is so compact that White is unable to develop counterplay.}
25. axb4 Qxb4+ 26. Qb2 Qe7 (26... Qxb2+ 27. Kxb2 $16) 27. Na2 a5 28. Ka1 Nc4
29. Qb5 Nd6 {[%cal Rd6f5,Rd6b5]} 30. Qb1 b5 31. Rc1 b4 32. Rxc7 Qxc7 33. Bc2
Nc4 34. Ba4 Nxe3 $1 35. Bxe3 Qe5+ {[%cal Re5a1,Re5e3]} 36. Qb2 Qxe3 37. Rd1 Rc8
38. Bb3 a4 39. Bxa4 d4 40. Nc1 Rc3 $15 (40... Ra8 41. Qxb4 Qc3+ 42. Qxc3 Rxa4+
43. Kb2 dxc3+ 44. Kxc3 Ra1 45. Kb2 $11) 41. Bc2 Bc4 42. Be4 Ra3+ 43. Kb1 Ba2+
44. Nxa2 Rb3 45. Rc1 g6 46. Rc8+ Kg7 47. Nc1 Rxb2+ 48. Kxb2 f5 49. Bd3 (49.
Rc7+ Kf6 50. Bd3 h5 51. Rc2 h4 52. h3 $11 (52. Kb3 h3 53. g3 Qxf3 $15)) 49...
Qg1 50. Rc2 Qxh2 51. Na2 Qd6 52. Kb3 h5 53. Nxb4 h4 54. Kc4 Qc7+ 55. Kxd4
1/2-1/2

[Event "NED-ch52"]
[Site "Rotterdam"]
[Date "1997.06.30"]
[Round "8"]
[White "Sokolov, Ivan"]
[Black "Van der Sterren, Paul"]
[Result "1/2-1/2"]
[WhiteElo "2615"]
[BlackElo "2515"]
[Annotator "Donev,I"]
[PlyCount "81"]
[EventDate "1997.06.21"]
[EventType "tourn"]
[EventRounds "11"]
[EventCountry "NED"]
[EventCategory "12"]
[SourceTitle "CBM 060"]
[Source "ChessBase"]
[SourceDate "1997.09.29"]
[SourceVersion "1"]
[SourceVersionDate "1997.09.29"]
[SourceQuality "1"]

1. d4 d5 2. c4 e6 3. Nc3 Nf6 4. Nf3 Be7 5. Bf4 O-O 6. e3 c5 7. dxc5 Bxc5 8.
cxd5 Nxd5 9. Nxd5 exd5 10. Bd3 Bb4+ 11. Ke2 Nc6 12. Qc2 g6 13. a3 (13. Ne5 Nxe5
14. Bxe5 Bg4+ 15. f3 Bd7 {[%csl Rd5,Re3]}) 13... Be7 14. h3 Bf6 15. Rac1 a5 (
15... Re8 16. Rhd1 d4 17. e4 Be6 $14) 16. Rhd1 $14 Be6 17. Kf1 a4 $6 (17... Qb6
$142 $1) 18. Bb5 $1 Qb6 19. Bxc6 bxc6 (19... Qxc6 20. Qxc6 bxc6 21. Be5 $1 $16)
20. Be5 Bxe5 (20... Be7 21. Qxc6 $18) 21. Nxe5 Rfc8 22. Qc5 (22. Nd3 Bf5 $11) (
22. Nxc6 Rc7 $1 (22... Kg7 23. Qc5 Qxb2 24. Qd4+ Qxd4 25. Nxd4 $14)) 22... Qxb2
23. Nxc6 Kg7 24. Qd4+ Qxd4 25. Nxd4 $14 {Weiß verfügt über kleinen aber
soliden positionellen Vorteil, weil der Nd4 im Vergleich mit dem schwarzen Be6
ein Riese ist.} Bd7 (25... Kf6 $5) 26. Ke1 Rab8 27. Rxc8 Rxc8 28. Kd2 {Falls
es dem Anziehenden gelingt, die Türme zu tauschen, bekommt er ein gewonenes
Endspiel. Der Gewinnplan ist einfach: der weiße König marschiert über die
geschwächten schwarzen Felder zum Pa4 oder Pd5, gefolgt von einem
Springermanöver z.B. Nd4-Ne2-Nc3. Es ist eine Selbstverständlichkeit, daß GM
Van der Sterren um jeden Preis den Turmtausch vermeiden will.} Rb8 29. Rc1 Rb2+
30. Rc2 Rb1 31. Rc1 Rb2+ 32. Rc2 Rb1 33. Rc7 Be8 34. Rc1 Rb2+ 35. Rc2 Rb1 36.
Rc1 Rb2+ 37. Rc2 Rb1 38. Rc8 Kf8 39. Rd8 Rf1 40. Ke2 Rc1 $1 {Der Nachziehende
will den Bauern a3 angreifen. Es droht Rc3.} ({Dieser Zug greift auch den
schwachen Pa3 an, jedoch von der falschen Seite.} 40... Ra1 $6 41. Nc2 Ra2 42.
Kd2 Ke7 (42... Rb2 43. f3 $16) 43. Rb8 $16 {/\Kc1}) 41. Kd2 1/2-1/2

[Event "Escaldes zt"]
[Site "Escaldes"]
[Date "1998.11.10"]
[Round "5"]
[White "Gurevich, Mikhail"]
[Black "Van der Sterren, Paul"]
[Result "1-0"]
[WhiteElo "2610"]
[BlackElo "2575"]
[Annotator "Donev,I"]
[PlyCount "47"]
[EventDate "1998.11.06"]
[EventType "swiss"]
[EventRounds "9"]
[EventCountry "AND"]
[SourceTitle "CBM 068"]
[Source "ChessBase"]
[SourceDate "1999.02.01"]
[SourceVersion "1"]
[SourceVersionDate "1999.02.01"]
[SourceQuality "1"]

1. d4 {Gurevich,M} Nf6 2. c4 e6 3. Nc3 d5 4. Nf3 Be7 5. Bf4 O-O 6. e3 c5 7.
dxc5 Bxc5 8. a3 Nc6 9. cxd5 Nxd5 10. Nxd5 exd5 {Auf dem Brett steht eine sehr
moderne Mittelspielstellung zum Thema "Der isolierte Damenbauer". Aber mit
einem wichtigen Unterschied: Die Springer c3 und f6 sind abgetauscht. - Das
vermindert die mögliche schwarze Initiative im Mittelspiel. Der Isolani
beherrscht die weißen Felder e4 (z.B. Bc8-f5-e4) und c4, die mehr Raum und
eine etwas schnellere Entwicklung sichern. In dieser Partie versucht der
Nachziehende mittels Vorrücken im passenden Augenblick den Isolani
abzutauschen.} 11. Bd3 Bb6 12. O-O d4 13. e4 $1 {Natürlich will Weiß den
Isolani nicht tauschen, weil der Nachziehende dadurch leicht ausgleichen kann.}
(13. exd4 Nxd4 $11) 13... Bg4 14. h3 Bh5 (14... Bxf3 $5 15. Qxf3 Qf6 (15... Bc7
$13)) 15. g4 Bg6 16. Rc1 Re8 $6 $146 {Eine fragwürdige Neuerung. Besser wäre
die klassische Fortsetzung:} (16... Rc8 $142 17. Re1 Kh8 (17... Re8 {Gurevich,M
} 18. Kg2 Bc7 19. Qd2 Bxf4 20. Qxf4 Qe7 21. b4 f6 22. Bc4+ Kh8 23. Bd5 Ne5 $132
{0-1 Piket,J-Kramnik,V/Amber Rapid, Monte Carlo MON 1998 (67)}) 18. Kg2 f6 19.
Nh4 Bc7 20. Bxc7 Qxc7 21. Bb5 Qb6 22. Bxc6 Rxc6 23. Rxc6 bxc6 24. Nxg6+ hxg6
25. b4 c5 26. bxc5 Qxc5 27. Qd3 Qe5 28. Rb1 Re8 29. Rb7 Qxe4+ 30. Qxe4 Rxe4 31.
Rxa7 Re1 32. Ra4 d3 33. Rd4 Rd1 34. Kf3 d2 35. a4 Ra1 {1/2-1/2 Karpov,
A-Beliavsky,A/Tilburg 1993/CBM 39 (35)}) 17. Re1 {Jetzt sind alle weißen
Figuren optimal plaziert. Der weiße Vorteil wird immer größer.} Kh8 {Gurevich,
M: '[/\18...f6, 19...Ne5]'} (17... Rc8) (17... f6 $5 {Gurevich,M} 18. Bc4+ Kh8
19. Bd5 Qd7 $13 {(/\20...Bf7)}) 18. e5 $1 $14 Qd5 {Gurevich,M: '[ /\19...Bc7;'}
(18... Bxd3 $6 {Gurevich,M} 19. Qxd3 Qd5 20. Ng5 g6 21. Qg3 $40) 19. b4 {
'!?' Gurevich,M.} (19. Bxg6 {Gurevich,M} fxg6 $5 20. Qd3 Nd8 $5 $132 {(/\21...
Ne6)}) 19... a5 {'?' Gurevich,M.} (19... Nd8 {Gurevich,M} 20. Bc4 Qd7 21. Nh4
Ne6 22. Nxg6+ hxg6 23. Bg3 $14) 20. Bc4 Qd7 {[%tqu "De","Wie soll Weiß
fortsetzen?","","","e5e6","",5]} 21. e6 $1 fxe6 22. b5 Ne7 (22... Nd8 {
Gurevich,M} 23. Ne5 Qe7 24. Nxg6+ hxg6 25. Qd3 $36) 23. Rxe6 {'+/-!' Gurevich,
M.} (23. Ne5 {Gurevich,M} Qd8 24. Bxe6 d3 $5 $132) 23... Nd5 $4 {[%mdl 8192]
'?' Gurevich,M. Die schwarze Stellung ist sowieso sehr schlecht, aber nach
diesem letzten Fehler macht Weiß kurzen Prozeß.} (23... Bc7 $142 24. Bxc7 Qxc7
25. Qxd4 $16) (23... Bc5 {Gurevich,M} 24. Ne5 Qd8 25. Rxg6 $1 $18) 24. Rd6 (24.
Rd6 {Gurevich,M} Qf7 25. Bxd5 Qxf4 26. Rxb6) 1-0

[Event "RUS-chT 06th"]
[Site "St Petersburg"]
[Date "1999.05.22"]
[Round "7"]
[White "Svirin, Oleg"]
[Black "Akhmadeev, Vadim"]
[Result "1-0"]
[WhiteElo "2368"]
[BlackElo "2467"]
[Annotator "Donev,I"]
[PlyCount "80"]
[EventDate "1999.05.16"]
[EventType "team-tourn"]
[EventRounds "9"]
[EventCountry "RUS"]
[SourceTitle "EXT 2020"]
[Source "ChessBase"]
[SourceDate "2019.10.17"]
[SourceVersion "1"]
[SourceVersionDate "2019.10.17"]
[SourceQuality "1"]
[WhiteTeam "Smolensk TsEM"]
[BlackTeam "Kazan Sberbank-Tatarstan"]
[WhiteTeamCountry "RUS"]
[BlackTeamCountry "RUS"]

1. Nf3 d5 2. d4 Nf6 3. c4 e6 4. Nc3 Be7 5. Bf4 O-O 6. e3 c5 7. dxc5 Bxc5 8. Rc1
Nc6 9. cxd5 exd5 10. Be2 d4 {[%mdl 16] In dieser Stellung mit Isolani stellt
der Bauernzug einen der typischen Pläne dar - Bauerndurchbruch im Zentrum.
Durch vermehrten Abtausch der Figuren im Zentrum erfolgt eine Vereinfachung
der Stellung. Damit nähert sich Schwarz dem Ausgleich.} 11. exd4 Nxd4 12. Nxd4
Qxd4 13. Qxd4 Bxd4 14. Nb5 Bb6 15. O-O (15. Nc7 $6 Bxc7 16. Bxc7 Re8 $11) 15...
Be6 16. a3 Nd5 $6 {Ich denke, dass hier vernünftiger wäre sofort die d- Linie
zu besetzen:} (16... Rfd8 17. Nd6 Rd7 18. Bb5 Re7 19. Rfe1 {1/2-1/2 Falck,
W-Arnold,G/Hessen-ch qual-A 1988/GER (19)}) (16... Rad8 $142 $5 17. Nd6 Bd5 {
1/2-1/2 Svirin,O-Kharitonov,A/Podolsk 1992/EXT 97 (17)}) (16... Rac8 17. Nd6
Rxc1 18. Rxc1 Bd5 19. Nc8 $1 $14) 17. Bg3 a6 $6 $146 {Eine sehr fragliche
Neuerung. Jetzt bekommt Weiss einen dauerhaften Vorteil. Besser wäre die
Fortsetzung von Van der Sterren Rfd8 mit dem er Ausgleich erreicht hat.} (17...
Rfd8 $142 18. Nd6 Rd7 19. Bb5 Re7 20. Rfd1 Rd8 21. h3 h6 22. b4 Nf6 23. Kf1 a6
24. Be2 Ne8 25. Nc4 Rxd1+ 26. Rxd1 Bc7 27. Na5 Bxg3 28. fxg3 Nf6 29. Bf3 b6 30.
Nc6 Bc4+ 31. Kf2 Re6 32. Rd4 Bb5 33. Rd8+ Re8 34. Rxe8+ Nxe8 35. Ne7+ Kf8 36.
Nc8 a5 37. Nxb6 axb4 38. axb4 Nc7 39. Ke3 Ke7 40. Kd4 Ne6+ 41. Kd5 Ba6 42. h4
g5 43. hxg5 hxg5 44. g4 Bf1 45. Ke5 f6+ 46. Ke4 Nf8 47. Kf5 Kf7 48. Nd5 Ba6 49.
Nc7 Bc8+ 50. Ke4 Ng6 51. Nb5 Ke7 52. Na7 Be6 53. b5 Kd6 54. b6 Bd7 55. Be2 Ne5
56. Kd4 Nxg4 57. Bb5 Bxb5 58. Nxb5+ Kc6 59. Ke4 Kxb6 60. Nc3 Kc5 61. Kf5 Ne3+ {
1/2-1/2 Ye Rongguang-Van der Sterren,P/Antwerp 1997/CBM 61 (61)}) 18. Nd6 Bc7 (
18... Bd4 19. Rc2 $16) 19. Nxb7 $16 {Weiß hat einen Bauern am Damenflügel
erobern können, für den Schwarz, keine Kompensation hat. Der Rest ist nur noch
Technik.} Bxg3 20. hxg3 Rfb8 21. Nc5 Rxb2 (21... a5 22. Bf3 Rxb2 23. Rfd1 Rd8
24. Bxd5 Bxd5 (24... Rxd5 25. Rxd5 Bxd5 26. Rd1 $18) 25. Na6 $1 {/\Rd5} g6 26.
Nc7 $18) 22. Bxa6 Kf8 $6 (22... Nc7 $142 $5 23. Nxe6 (23. Na4 Rbb8 24. Rxc7
Rxa6 25. Nc5 Rxa3 26. Nxe6 fxe6 27. Rd1 Ra5 $14) 23... Nxe6 24. Rc8+ Rxc8 25.
Bxc8 Ra2 $16) 23. a4 Nc7 24. Bb7 Ra5 25. Bf3 {/\Nb7} Na6 (25... Ra7 $5 $16) 26.
Nxe6+ fxe6 27. Bc6 $18 Nc5 28. Rc4 Ra2 29. Rd1 Ke7 30. Rdd4 Nb3 31. Rd7+ Kf6
32. Bb5 g5 33. Rc6 Nd2 $6 (33... g4 $142 34. Rdd6 Ra1+ 35. Kh2 Re1) 34. Rdd6
Ra1+ 35. Kh2 Rxb5 {Schwarz verkürzt seine Leiden} 36. axb5 {nun ist alles klar.
} Nf1+ 37. Kh3 h5 {Die letzte Hoffnung des Nachziehenden besteht darin ein
Mattnetz gegen den weißen Monarchen zu bilden.} 38. Rxe6+ Kf7 39. Rf6+ Ke7 (
39... Kg7 {ändert nichts mehr} 40. Rfd6 Kf8 41. Rc7 $18) 40. Ra6 Ne3 1-0

[Event "RUS-chT 06th"]
[Site "St Petersburg"]
[Date "1999.05.19"]
[Round "4"]
[White "Sakaev, Konstantin"]
[Black "Tregubov, Pavel V"]
[Result "1-0"]
[WhiteElo "2649"]
[BlackElo "2570"]
[Annotator "Donev,I"]
[PlyCount "101"]
[EventDate "1999.05.16"]
[EventType "team-tourn"]
[EventRounds "9"]
[EventCountry "RUS"]
[SourceTitle "EXT 2020"]
[Source "ChessBase"]
[SourceDate "2019.10.17"]
[SourceVersion "1"]
[SourceVersionDate "2019.10.17"]
[SourceQuality "1"]
[WhiteTeam "Sankt Petersburg Lentransgaz"]
[BlackTeam "Belorechensk Khimik"]
[WhiteTeamCountry "RUS"]
[BlackTeamCountry "RUS"]

1. d4 d5 2. Nf3 Nf6 3. c4 e6 4. Nc3 Be7 5. Bf4 O-O 6. e3 b6 7. cxd5 Nxd5 8.
Nxd5 (8. Bg3 $5 c5 9. Bd3 cxd4 10. exd4 Bb7 11. O-O Nc6 12. Rc1 Rc8 13. Re1
Nxc3 14. bxc3 Bf6 15. Nd2 Na5 16. Ne4 Be7 17. Qe2 Qd5 18. f3 Nc4 19. Bf4 Rfe8
20. Nf2 Nd6 21. Ng4 Qh5 22. Qf2 f5 23. Ne5 Bf6 24. c4 Nf7 25. c5 Bd5 26. Ba6
Bxe5 27. Bxe5 Nxe5 28. Rxe5 Rc7 29. Qb2 {1/2-1/2 Bisguier,A-Donner,J/San Juan
1969/EXT 99 (29)}) {[%tqu "De","Wie würden Sie auf d5 schlagen?","","","d8d5",
"",10]} 8... Qxd5 {Normalerweise ist es in der Eröffnung nicht günstig, die
Dame zu früh ins Zentrum zu bringen, aber hier haben wir eine Ausnahme. Die
Qd5 kann nicht leicht angegriffen werden und so bleibt die grosse Diagonale
h1-a8 für den Bb7 offen.} 9. Bd3 c5 $6 {Ich denke, dass dieser Zug der Grund
für die folgenden Schwierigkeiten des Nachziehenden ist.} (9... Qa5+ $5 10. Ke2
Ba6 11. Bxc7 Bxd3+ 12. Qxd3 Na6 $1 $44 {[%cal Ya6b4,Ya6c7]}) (9... Ba6 $142 10.
O-O c5 11. Bxa6 {1/2-1/2 Bagaturov,G-Faibisovich,V/Brno 1991/CBM 24 ext (11)})
10. Qc2 $1 {[%cal Yd3e4,Ye4d5,Ye4h7]} Bb7 11. Bxh7+ (11. O-O cxd4 12. Bxh7+ Kh8
13. Bd3 dxe3 14. fxe3 Na6 15. Rad1 Nb4 16. Qc7 Bf6 17. Bb1 Qc6 18. Qxc6 Nxc6
19. Rd7 Ba6 20. Rfd1 Rac8 21. Be4 Bxb2 22. Bd6 Be2 23. Bxf8 {1-0 Dreev,
A-Doroshkievich,V/Rostov 1993/TD (23)}) 11... Kh8 12. Bd3 (12. dxc5 $5 Qxc5 (
12... g6 13. Bxg6 fxg6 14. Qxg6 $40 {/\Be5}) 13. Qxc5 Bxc5 14. Bd3 $16) 12...
Na6 {[%cal Ya6b4,Yb4c2,Yb4d3] /\Nb4} 13. a3 {Vermeidet Nb4.} cxd4 14. exd4 {
Auf den Brett entsteht eine häufig im Mittelspiel vorkommende Stellung der
Isolierte Damenbauer. Schwarz droht Rac8 nebst Rfd8 und alle Figuren (ausser
Na6) sind gut plaziert. Wenn die Bauern ausgeglichen wären, könnte Schwarz
besser stehen.} Qa5+ 15. Ke2 (15. Bd2 {[%tqu "De","Schwarz am Zug!","","",
"a6b4","",9]} Nb4 $3 16. Bxb4 (16. Qb1 Nxd3+ 17. Qxd3 Qh5 $13) 16... Bxb4+ 17.
Ke2 Rac8 $44) 15... Rac8 16. Qd2 Qh5 17. Rhc1 e5 $2 $18 {Vernünftiger wäre es
gewesen, den schwachen Isolani unter Beschuss zu nehmen.} (17... Rcd8 $142 $5 {
sieht noch spielbar aus} 18. Kf1 Bxf3 19. Bxa6 e5 20. Bxe5 Bg5 $11) (17... Bf6)
18. Rxc8 Rxc8 19. Qe3 (19. Bxe5 Nc5 20. Bxg7+ Kxg7 21. dxc5 Rxc5 22. Qf4 $16)
19... f6 (19... e4 20. Bxe4 Bxe4 21. Qxe4 Qb5+ 22. Ke1 Qxb2 23. Rd1 Qxa3 24.
Qb7 $16) 20. Kf1 exf4 21. Qxe7 Bxf3 22. gxf3 Qxf3 23. Qe4 $1 {[%cal Ye4f3,
Ye4h7] Es droht Matt} Qxe4 24. Bxe4 Nb8 25. Ke2 Nc6 26. Rd1 g5 27. Kf3 Kg7 28.
h4 $1 $16 {Das Endspiel ist klar für Weiß besser.} Nd8 29. Bf5 Rc6 30. Re1 Kf7
31. Kg4 gxh4 32. Kxf4 $2 (32. d5 $142 $1 {Die richtige Fortsetzung, um den
Vorteil festzuhalten.} Rc5 33. Rd1 $16 {/\Kh4}) 32... Rd6 33. Ke4 Ne6 $14 {
[%cal Rd6d4,Re6d4,Ge4d4]} 34. Rd1 Ng5+ 35. Ke3 Rd5 36. Bg4 f5 37. Be2 Kf6 (
37... Rd7 $142 $5 38. Rh1 Re7+ $11) 38. Rh1 h3 39. f4 Ne6 40. Rxh3 Nxd4 41. Bc4
Nc2+ 42. Ke2 Rd4 $2 $18 (42... Nd4+ $5 43. Kf2 Rd7 $14) (42... Rd7 $142 $14)
43. Bd3 $1 Na1 (43... Nxa3 44. Ke3 Ra4 45. bxa3 Rxa3 46. Rh6+ $18) 44. Ke3 Rd8
45. Rh5 Re8+ 46. Kf3 Nb3 47. Rxf5+ Kg7 48. Rg5+ Kf6 49. Rg6+ Kf7 50. Rd6 Nc5
51. Bc4+ 1-0